000 01047cam a2200229 a 4500
001 000007168
005 20200929154102.0
008 751015s1995 sp a 000 0bspa
020 _a8478202404
040 _aDO-SdBNP
_dBNPHU
082 _a923.1
_bS194i, 1995
100 1 _aSan Vicente Pino, Ángel.
_919905
245 1 0 _aIsabel de Aragón :
_breina santa de Portugal /
_cÁngel San Vicente Pino.
250 _a2a ed. renovada.
260 _aZaragoza, España :
_bInstitución "Fernando el Católico",
_c1995.
300 _a211 p. :
_bil. ;
_c22 cm.
490 1 _aPublicación no. 1.679 de la Institución "Fernando el Católico" de la Exema Diputación provincial de Zaragosa ;
_vno. 1
_aTemas aragoneses
600 0 0 _aISABEL,
_cREINA CONSORTE DE DIONISIO I, REY DE PORTUGAL,
_d1271-1336.
_919906
650 4 _aPortugal
_xHistoria
_y1282-1336
_919907
830 0 _aPublicación no. 1.679 de la Institución "Fernando el Católico" de la Exema Diputación provincial de Zaragosa ;
_vno. 1
_pTemas aragoneses
_919908
910 _aCatalogación derivada.
999 _c6949
_d6949